000 00298nam a22001217a 4500
008 160425b xxu||||| |||| 00| 0 eng d
020 _a9780803628144
020 _a13978803628144
041 _aeng
080 _a618.2
245 _aMaternal child nursing care:
_cShelton M. Hisley;
942 _2udc
_cBK
999 _c1579
_d1579